| 000 | 00399nam a2200145Ia 4500 | ||
|---|---|---|---|
| 008 | 220204s9999 xx 000 0 und d | ||
| 082 |
_a582.28 _bWAR.7 |
||
| 100 | _aSUTTON, B C | ||
| 245 | 0 | _aCoelomycetes. VII. Stegonsporium | |
| 260 |
_aLondon _bCommonwealth Mycological Inst _c1980 |
||
| 490 | _aMycological papers; no 14 | ||
| 650 | _aCoelomycetes | ||
| 700 | _aWARMELO, K T Van | ||
| 942 | _cBK | ||
| 999 |
_c36718 _d36718 |
||